Normal view
MARC view
- Equidad de género
Entry Materia
Number of records used in: 172
001 - NÚMERO DE CONTROL DEL REGISTRO
- campo de control: 4872
003 - IDENTIFICADOR DE NUMERO DE CONTROL
- campo de control: MX-MxUPN
005 - FECHA Y HORA DE LA ÚLTIMA TRANSACCIÓN
- campo de control: 20250512095147.0
008 - DATOS DE LONGITUD FIJA
- campo de control de longitud fija: 250512n| acnnnbabn a ana |d
035 ## - NÚMERO DE CONTROL DEL SISTEMA
- Número de control del sistema: UPN10000004872
040 ## - FUENTE DE LA CATALOGACIÓN
- Centro catalogador de origen: MX-MxUPN
- Lengua de catalogación: spa
- Agencia de transcripción: MX-MxUPN
150 ## - ENCABEZAMIENTO - TEMÁTICO
- Término de materia o nombre geográfico como elemento inicial: Equidad de género
450 ## - VÉASE - MATERIA
- Encabezamiento temático: Igualdad de género
670 ## - FUENTE EN LA QUE SE LOCALIZARON DATOS
- Cita de la fuente: T
- Información localizada: La equidad de género en la educación primaria indígena
902 ## - CATALOGADOR
- Catalogador: MMA/180906
